Čaj rádce pro znalce

Bibliographic Details
Main Author: Pettigrew, Jane (Author)
Other Authors: Svobodová, Lenka (Translator)
Format: Book
Language:Czech
English
PhysicalDescription:192 s. faks., fotogr., ilustr., mp. 20 cm
Published: Praha Slovart 2001
ISBN:807209212X
Edition:1. vyd.
Subjects:

MARC

LEADER 00000cam a2200000 a 4500
001 vtls009399668
003 SK-MaSNL
005 20260302005904.0
008 240315s2001 xr habog f 001 0 cze
020 |a 807209212X  |q (viazané) 
035 |a SLLK39534 
040 |a SNK  |b slo  |c SNK  |e AACR2 
041 1 |a cze  |h eng 
044 |a xr  |c CZ 
072 7 |a 663  |x Priemysel nápojov. Kvasný priemysel. Priemysel pochutín  |2 konspekt 
080 |a 663.95  |2 2011 
080 |a (035)  |2 2011 
100 1 |a Pettigrew, Jane  |4 aut  |9 647922 
240 1 4 |a The Tea companion  |l Česky 
245 1 0 |a Čaj  |b rádce pro znalce  |c Jane Pettigrewová ; [z anglického originálu ... přel. Lenka Svobodová] 
246 1 4 |a Průvodce pro znalce  |p Čaj 
250 |a 1. vyd. 
260 |a Praha  |b Slovart  |c 2001 
300 |a 192 s.  |b faks., fotogr., ilustr., mp.  |c 20 cm 
504 |a Reg. 
650 0 7 |a čaj  |2 SNKPH  |9 18115 
650 0 7 |a Tea  |2 SNKPHeng  |9 338374 
655 7 |a príručky  |2 SNKPH  |9 74364 
655 7 |a Handbooks, manuals, etc.  |2 SNKPHeng  |9 90964 
700 1 |a Svobodová, Lenka  |4 trl  |9 463463 
919 |a 80-7209-212-X 
958 |a TL 
958 |a NB 
958 |a OP 
999 |c 1001175  |d 1003105 
952 |t snkPRU 663.95  |a SNKUST  |b SNKUST  |y PREZ  |7 0  |p 17A0296161  |o snkIC 142790  |i snk2016/22592  |8 5  |0 0  |1 0  |4 0  |d 2001-09-20  |l 0  |r 2025-03-20 00:00:00  |w 2026-02-24